000
00227 a2200097 4500
001
48306
100
_a
Stradling, A.H
245
_a
Custom of the services
260
_a
Aldershot
_b
Gale and polden ltd
_c
090
_c
31258
_d
31258
942
_a
NUST-CAE
_c
M
_c
23623
999
_c
283379
_d
283379